Riconosci lo Stadio italiano del satellite - Quiz n°5 - Statistics

Statistiche generali
  • Questo quiz è stato fatto 15 volte
  • Il punteggio medio è 7 su 12
Statistiche sulle risposte
con Immagini Risposta % Corretto
Stadio Via del mare - Lecce
100%
Stadio Alberto Picco - La Spezia
79%
Stadio Angelo Massimino - Catania
79%
Stadio Oreste Granillo - Reggio Calabria
71%
Stadio Renzo Barbera - Palermo
71%
Stadio San Vito-Gigi Marulla - Cosenza
57%
Stadio Leonardo Garilli - Piacenza
43%
Stadio Danilo Martelli - Mantova
36%
Stadio Del Conero - Ancona
36%
Stadio Giuseppe Moccagatta - Alessandria
36%
Stadio Benito Stirpe - Frosinone
29%
Stadio Silvio Piola - Novara
21%
Nessun quiz corrispondente trovato
Distribuzione punteggi
Percentuale di utenti per punteggio
Percentile per numero di risposta
I tuoi punteggi nel tempo
Non hai fatto questo quiz